000 00365nam a2200157Ia 4500
003 Ost
005 20260225132550.0
008 260225s9999||||xx |||||||||||||| ||und||
040 _cfsic
041 _afre
082 _a440
100 _aMichele Yvonne Chavin
_eAuteur
245 0 _aLe classement éfficace /
245 0 _cMichele Yvonne Chavin
942 _cكتاب
999 _c34065
_d34065